=LDR 00000nam 2200000 4500 =001 INLIS000000000026527 =005 20130612124949 =008 ***********************************ind** =035 ##$$0010-061300000026527 =041 ##$$a ind =082 ##$$a F.Rom.K =090 ##$$a F.Rom.K, AMI m =100 ##$$a Amiruddin, Amir =245 ##$$a Mengais Hari esok yang cerah, Amir Amiruddin =260 ##$$a 1996 $b Jakarta =300 ##$$a 84 hlm., ilus., 21 cm =650 ##$$a Fiksi Kanak-Kanak =850 ##$$a NBPNMAT